[Event "53o Festival Citta' di Torino - Open A"]
[Site "Torino ITA"]
[Date "2024.01.06"]
[Round "7.13"]
[White "MONTORSI, Matteo"]
[Black "GIOSEFFI, Massimiliano"]
[Result "1-0"]
[WhiteElo "2162"]
[BlackElo "2044"]
[PlyCount "125"]
[EventDate "2024.01.02"]

1. e4 c5 2. Nc3 Nc6 3. g3 g6 4. Bg2 Bg7 5. d3 e6 6. Be3 Nd4 7. Nce2 Ne7 8. c3
Nxe2 9. Nxe2 d6 10. Qd2 O-O 11. Rd1 b6 12. d4 Bb7 13. O-O Qe8 14. Rfe1 Rd8 15.
g4 f5 16. Nf4 Nc8 17. exf5 Bxg2 18. Nxe6 Bf3 19. Nxg7 Qf7 20. Ne6 Bxg4 21. Nxd8
Rxd8 22. Bg5 Rf8 23. Bh6 Qxf5 24. f4 Rd8 25. Rc1 Bf3 26. Qf2 Be4 27. Qh4 Re8
28. Re3 d5 29. Rg3 Nd6 30. Rg5 Qf6 31. Rh5 Qf7 32. Re5 Nf5 33. Qh3 Rxe5 34.
dxe5 Qe6 35. Bg5 h5 36. Re1 Kf7 37. Qf1 c4 38. b3 b5 39. Qf2 Ne7 40. Bxe7 Qg4+
41. Qg3 Qxg3+ 42. hxg3 Kxe7 43. bxc4 bxc4 44. Re2 Ke6 45. Rb2 d4 46. cxd4 c3
47. Rb5 c2 48. Rc5 g5 49. fxg5 Kf5 50. Kf2 Kxg5 51. d5 Bxd5 52. Rxc2 Kf5 53.
Rc5 Bxa2 54. Ke3 Kg4 55. Ra5 Bb3 56. Kd4 Be6 57. Ra3 a5 58. Kc5 a4 59. Kd6 Bb3
60. e6 Kxg3 61. e7 h4 62. e8=Q h3 63. Qxa4 1-0

[Event "53o Festival Citta' di Torino - Open A"]
[Site "Torino ITA"]
[Date "2024.01.06"]
[Round "7.14"]
[White "BERGERO, Simone"]
[Black "GOLA, Giorgio"]
[Result "1-0"]
[WhiteElo "2008"]
[BlackElo "2090"]
[PlyCount "97"]
[EventDate "2024.01.02"]

1. e4 c5 2. Nf3 e6 3. d4 cxd4 4. Nxd4 Nf6 5. Nc3 Nc6 6. Nxc6 bxc6 7. e5 Nd5 8.
Nxd5 cxd5 9. Bd3 Ba6 10. O-O Bxd3 11. Qxd3 d6 12. Bf4 dxe5 13. Bxe5 f6 14. Bc3
Bd6 15. Rfe1 Kf7 16. Qh3 Re8 17. Rad1 Qb6 18. Re2 Kg8 19. Qg4 Kh8 20. Rd3 Bf8
21. Qh5 Rad8 22. Rxd5 e5 23. Red2 Bc5 24. b4 Bf8 25. Rd7 Rc8 26. Qf7 a6 27. a3
Qe6 28. Qxe6 Rxe6 29. Rd8 Rec6 30. Bb2 Kg8 31. Rxc8 Rxc8 32. c3 Kf7 33. Kf1 Ke6
34. Ke2 f5 35. Kd1 g5 36. Kc2 e4 37. Kb3 f4 38. Rd4 Kf5 39. Rd5+ Kg4 40. Re5
Rd8 41. Kc2 e3 42. fxe3 Bd6 43. Re4 Kf5 44. Rd4 fxe3 45. Kd3 Re8 46. g4+ Ke6
47. Re4+ Kd7 48. Rxe8 Kxe8 49. h3 1-0

[Event "53o Festival Citta' di Torino - Open A"]
[Site "Torino ITA"]
[Date "2024.01.06"]
[Round "8.1"]
[White "GENOCCHIO, Daniele"]
[Black "BETTALLI, Francesco"]
[Result "1/2-1/2"]
[WhiteElo "2367"]
[BlackElo "2271"]
[PlyCount "21"]
[EventDate "2024.01.02"]

1. e4 c5 2. Nf3 Nc6 3. Bb5 e6 4. Bxc6 bxc6 5. d3 Ne7 6. Ng5 f6 7. Nh3 d5 8. Nc3
g6 9. f4 Bg7 10. O-O O-O 11. Qe1 1/2-1/2

[Event "53o Festival Citta' di Torino - Open A"]
[Site "Torino ITA"]
[Date "2024.01.06"]
[Round "8.2"]
[White "MALDONADO GONZALES, Stefano"]
[Black "BARP, Alberto"]
[Result "0-1"]
[WhiteElo "2166"]
[BlackElo "2437"]
[PlyCount "146"]
[EventDate "2024.01.02"]

1. e4 e5 2. Nf3 Nc6 3. Bc4 Nf6 4. d3 Bc5 5. O-O d6 6. c3 a5 7. Re1 O-O 8. h3
Be6 9. Bb5 Ba7 10. Be3 Bxe3 11. Rxe3 Ne7 12. d4 Ng6 13. a4 c6 14. Bf1 Qb6 15.
Qc2 Rfe8 16. Nbd2 Rad8 17. Rd1 h6 18. Ree1 exd4 19. cxd4 d5 20. e5 Ne4 21. Bd3
Qb4 22. Ra1 Nxd2 23. Qxd2 Qxd2 24. Nxd2 Nf4 25. Bf1 f6 26. exf6 gxf6 27. Kh2
Bd7 28. b4 Rxe1 29. Rxe1 Ne6 30. Nf3 axb4 31. Rb1 c5 32. dxc5 Bxa4 33. Rxb4
Nxc5 34. Nd4 Bd7 35. Bb5 Kf7 36. g4 Kg6 37. f3 h5 38. Kg3 hxg4 39. hxg4 Kf7 40.
Kf4 Ra8 41. g5 fxg5+ 42. Kxg5 Bc8 43. Be2 Ra2 44. Bd1 Rd2 45. Bb3 Rxd4 46. Rxd4
Ne6+ 47. Kh6 Nxd4 48. Bxd5+ Kf6 49. Bxb7 Bxb7 50. Kh7 Nf5 51. Kh8 Nh6 52. f4
Nf7+ 53. Kh7 Be4+ 54. f5 Bxf5+ 55. Kg8 Be4 56. Kf8 Bh7 57. Ke8 Ne5 58. Kd8 Ke6
59. Kc7 Nd7 60. Kc6 Bd3 61. Kc7 Be4 62. Kd8 Kd6 63. Ke8 Bg6+ 64. Kd8 Bh5 65.
Kc8 Nc5 66. Kd8 Nb7+ 67. Kc8 Kc6 68. Kb8 Kb6 69. Kc8 Bg4+ 70. Kb8 Na5 71. Ka8
Bc8 72. Kb8 Ba6 73. Ka8 Bb7+ 0-1

[Event "53o Festival Citta' di Torino - Open A"]
[Site "Torino ITA"]
[Date "2024.01.06"]
[Round "8.3"]
[White "BIFULCO, Michel"]
[Black "FAVALORO, Andrea"]
[Result "1/2-1/2"]
[WhiteElo "2251"]
[BlackElo "2411"]
[PlyCount "20"]
[EventDate "2024.01.02"]

1. e4 c6 2. d4 d5 3. exd5 cxd5 4. Bd3 Nc6 5. c3 e6 6. Bf4 Bd6 7. Bxd6 Qxd6 8.
Nf3 Nge7 9. O-O O-O 10. Re1 Bd7 1/2-1/2

[Event "53o Festival Citta' di Torino - Open A"]
[Site "Torino ITA"]
[Date "2024.01.06"]
[Round "8.4"]
[White "CAPPELLETTO, Joshuaede"]
[Black "Defromont, Benjamin"]
[Result "1-0"]
[WhiteElo "2320"]
[BlackElo "2423"]
[PlyCount "51"]
[EventDate "2024.01.02"]

1. e4 g6 2. d4 Bg7 3. Nc3 d6 4. Be3 a6 5. h4 Nf6 6. f3 h5 7. Qd2 b5 8. O-O-O b4
9. Nce2 a5 10. Kb1 c6 11. Nf4 Qc7 12. Bc4 Ba6 13. Bxf7+ Kxf7 14. Ngh3 Bh6 15.
Ng5+ Bxg5 16. hxg5 Ne8 17. d5 Bc8 18. Bd4 Rg8 19. Ne6 Bxe6 20. Qf4+ Nf6 21.
dxe6+ Kxe6 22. gxf6 c5 23. e5 d5 24. f7 Rf8 25. Qh6 Kxf7 26. e6+ 1-0

[Event "53o Festival Citta' di Torino - Open A"]
[Site "Torino ITA"]
[Date "2024.01.06"]
[Round "8.5"]
[White "PISCOPO, Pierluigi"]
[Black "TRIPODI, Enzo"]
[Result "1/2-1/2"]
[WhiteElo "2319"]
[BlackElo "2139"]
[PlyCount "21"]
[EventDate "2024.01.02"]

1. e4 e5 2. Nf3 Nf6 3. d4 Nxe4 4. Bd3 Nc6 5. dxe5 Nc5 6. Be2 Ne6 7. Nc3 d6 8.
exd6 Bxd6 9. Be3 O-O 10. Qd2 Bb4 11. O-O-O 1/2-1/2

[Event "53o Festival Citta' di Torino - Open A"]
[Site "Torino ITA"]
[Date "2024.01.06"]
[Round "8.6"]
[White "Vela Frago, Alberto"]
[Black "Petritaj, Ferdinando"]
[Result "1-0"]
[WhiteElo "2310"]
[BlackElo "2176"]
[PlyCount "80"]
[EventDate "2024.01.02"]

1. e4 c6 2. d4 d5 3. exd5 cxd5 4. c4 Nf6 5. Nc3 Nc6 6. Nf3 Bg4 7. Be3 e6 8. c5
Be7 9. Bb5 O-O 10. h3 Bh5 11. g4 Bg6 12. Bxc6 bxc6 13. Ne5 Rc8 14. Qa4 Qc7 15.
Bf4 Qb7 16. Qb3 Qa6 17. Nxg6 hxg6 18. O-O-O Nd7 19. Rhe1 g5 20. Bh2 Bf6 21. Qa4
Qb7 22. Qb3 Qa6 23. Qa3 Qxa3 24. bxa3 Nxc5 25. Bd6 Nd7 26. Bxf8 Kxf8 27. Na4 e5
28. dxe5 Nxe5 29. Nc5 Rd8 30. Kc2 Nc4 31. a4 Be7 32. Nd3 c5 33. Ne5 Na3+ 34.
Kc1 Bf6 35. Rd3 c4 36. Rxa3 Be7 37. Rf3 Bf6 38. Rf5 d4 39. Kd2 c3+ 40. Kd3 Kg8
1-0

[Event "53o Festival Citta' di Torino - Open A"]
[Site "Torino ITA"]
[Date "2024.01.06"]
[Round "8.7"]
[White "YAO, Stefano"]
[Black "Lacan Rus, David"]
[Result "1/2-1/2"]
[WhiteElo "2306"]
[BlackElo "2121"]
[PlyCount "31"]
[EventDate "2024.01.02"]

1. d4 Nf6 2. Nf3 g6 3. c4 Bg7 4. Nc3 d5 5. cxd5 Nxd5 6. Bd2 c5 7. Rc1 Nxc3 8.
Bxc3 cxd4 9. Nxd4 O-O 10. e3 Bd7 11. Be2 Nc6 12. Nb3 Bf5 13. Qxd8 Rfxd8 14.
Bxg7 Kxg7 15. O-O Bd3 16. Bxd3 1/2-1/2

[Event "53o Festival Citta' di Torino - Open A"]
[Site "Torino ITA"]
[Date "2024.01.06"]
[Round "8.8"]
[White "Pasini, Nicolo"]
[Black "CENTAMORE, Alberto"]
[Result "1-0"]
[WhiteElo "2193"]
[BlackElo "2127"]
[PlyCount "85"]
[EventDate "2024.01.02"]

1. e4 c5 2. Nc3 Nc6 3. Nf3 g6 4. Bb5 Nd4 5. Ba4 Bg7 6. O-O a6 7. Nxd4 cxd4 8.
Ne2 b5 9. Bb3 d3 10. Nc3 e6 11. Qf3 dxc2 12. e5 Rb8 13. Ne4 Nh6 14. d4 O-O 15.
Bg5 Qb6 16. Nf6+ Bxf6 17. Bxf6 Qxd4 18. Qh3 Nf5 19. Bxc2 h5 20. Rad1 Qg4 21.
Qxg4 hxg4 22. h3 g3 23. Bxf5 gxf2+ 24. Rxf2 exf5 25. Rd6 Re8 26. Rf4 Re6 27.
Rh4 Rxf6 28. exf6 b4 29. g4 fxg4 30. hxg4 b3 31. a3 Rb5 32. Rd2 Rc5 33. Rdh2
Rc1+ 34. Kf2 Rc2+ 35. Ke3 Rxh2 36. Rxh2 a5 37. g5 Bb7 38. Kd4 Bc6 39. Kc5 a4
40. Rh4 d5 41. Kxc6 d4 42. Rxd4 Kh7 43. Rxa4 1-0

[Event "53o Festival Citta' di Torino - Open A"]
[Site "Torino ITA"]
[Date "2024.01.06"]
[Round "8.9"]
[White "ROTONDARO, Alberto"]
[Black "Lauda, Alexandr"]
[Result "0-1"]
[WhiteElo "2056"]
[BlackElo "2182"]
[PlyCount "58"]
[EventDate "2024.01.02"]

1. d4 Nf6 2. c4 g6 3. Nc3 Bg7 4. e4 d6 5. h3 O-O 6. Be3 c5 7. Nf3 cxd4 8. Nxd4
Nc6 9. Be2 Nxd4 10. Bxd4 Bh6 11. Bxf6 exf6 12. O-O f5 13. Bf3 Bg7 14. Rc1 h5
15. Re1 f4 16. b3 Be5 17. Nd5 Qg5 18. Kh1 Qh4 19. Qe2 b6 20. b4 Rb8 21. Rb1 Kg7
22. c5 g5 23. Bxh5 Rh8 24. Bf3 g4 25. cxd6 gxf3 26. Qxf3 Bg4 27. Qd3 f3 28. Ne7
Bxh3 29. Kg1 Bh2+ 0-1

[Event "53o Festival Citta' di Torino - Open A"]
[Site "Torino ITA"]
[Date "2024.01.06"]
[Round "8.10"]
[White "AGRESTA, Giulio"]
[Black "MADIAI, Federico"]
[Result "0-1"]
[WhiteElo "2029"]
[BlackElo "2172"]
[PlyCount "82"]
[EventDate "2024.01.02"]

1. e4 Nc6 2. Nf3 e5 3. d4 exd4 4. Bc4 Nf6 5. e5 d5 6. Bb5 Nd7 7. O-O Be7 8.
Bxc6 bxc6 9. Nxd4 Nb8 10. Qf3 O-O 11. Nf5 Bxf5 12. Qxf5 Qd7 13. Qd3 Qe6 14. Bf4
Nd7 15. Re1 f6 16. Qg3 fxe5 17. Bxe5 Nxe5 18. Rxe5 Qf6 19. Re1 Qxb2 20. Nd2 Bb4
21. Qd3 Qf6 22. Rf1 Rae8 23. Nf3 Re4 24. Rab1 Bd6 25. Rfe1 Rf4 26. Rb3 Qh6 27.
h3 Qh5 28. Qf1 c5 29. Rd3 c4 30. Rd4 R4f6 31. Rg4 Qf5 32. Re2 Bf4 33. Nd4 Qd7
34. Qe1 Bd6 35. Ne6 R8f7 36. h4 Re7 37. Ng5 Qxg4 38. Rxe7 Bxe7 39. Qxe7 Qf5 40.
f3 h6 41. g4 Qc8 0-1

[Event "53o Festival Citta' di Torino - Open A"]
[Site "Torino ITA"]
[Date "2024.01.06"]
[Round "8.12"]
[White "FAVITTA, Amedeo"]
[Black "BERGERO, Simone"]
[Result "0-1"]
[WhiteElo "2075"]
[BlackElo "2008"]
[PlyCount "72"]
[EventDate "2024.01.02"]

1. e4 c5 2. Nf3 Nc6 3. Bb5 g6 4. Bxc6 bxc6 5. O-O Bg7 6. e5 f6 7. Qe2 fxe5 8.
Nxe5 d6 9. Nc4 Nf6 10. Re1 e5 11. d3 O-O 12. f4 Ng4 13. h3 exf4 14. hxg4 Bd4+
15. Ne3 fxe3 16. Bxe3 Re8 17. Qf2 Qe7 18. Bxd4 Qxe1+ 19. Qxe1 Rxe1+ 20. Kf2 Rh1
21. Bc3 Bxg4 22. b3 Re8 23. Kg3 h5 24. Nd2 Rxa1 25. Bxa1 Re3+ 26. Kf4 Re2 27.
Ne4 Rxc2 28. Nxd6 Rxa2 29. Be5 Rxg2 30. Ne4 Bf5 31. Nxc5 h4 32. Kf3 h3 33. Ne4
Bxe4+ 34. dxe4 g5 35. Bd6 g4+ 36. Ke3 h2 0-1

[Event "53o Festival Citta' di Torino - Open A"]
[Site "Torino ITA"]
[Date "2024.01.06"]
[Round "8.13"]
[White "GALLO, Ivan"]
[Black "GIOSEFFI, Massimiliano"]
[Result "1-0"]
[WhiteElo "2004"]
[BlackElo "2044"]
[PlyCount "129"]
[EventDate "2024.01.02"]

1. e4 c5 2. Nf3 Nc6 3. Bb5 g6 4. O-O Bg7 5. c3 e5 6. d4 exd4 7. cxd4 Nxd4 8.
Nc3 Ne7 9. Bg5 O-O 10. Nxd4 Bxd4 11. Nd5 f6 12. Bh6 Re8 13. Qb3 Kh8 14. Rad1
Nxd5 15. Qxd5 Qe7 16. b4 d6 17. Bxe8 Be6 18. Bf8 Qxf8 19. Qxe6 Rxe8 20. Qd7 Qe7
21. Qa4 Qxe4 22. Qxa7 Kg7 23. Qb6 Re5 24. Qxd6 h5 25. bxc5 Rg5 26. g3 Bxc5 27.
Qd8 Rf5 28. h4 Be7 29. Qd7 Re5 30. Rfe1 Qxe1+ 31. Rxe1 Rxe1+ 32. Kg2 b6 33. Qc7
Re6 34. f4 f5 35. Qd7 Kf7 36. Kf2 Rd6 37. Qc7 Re6 38. a4 Kf6 39. Qc3+ Kf7 40.
Qh8 Bf6 41. Qc8 Be7 42. Qc4 Kf6 43. g4 hxg4 44. Qc3+ Kf7 45. Qh8 Rf6 46. h5
gxh5 47. Qxh5+ Kg7 48. Qe8 Bc5+ 49. Kg3 Bf8 50. Kh4 Rf7 51. Qe5+ Kh7 52. Qe6
Rg7 53. Qxf5+ Kg8 54. Qe6+ Kh8 55. Kg3 Bc5 56. f5 Re7 57. Qh6+ Kg8 58. f6 Rf7
59. Qg5+ Kf8 60. Qe5 Rd7 61. Qe6 Rd4 62. Kh4 Rd8 63. Kg5 Re8 64. Qd5 g3 65. Kg6
1-0

[Event "53o Festival Citta' di Torino - Open A"]
[Site "Torino ITA"]
[Date "2024.01.06"]
[Round "8.14"]
[White "GOLA, Giorgio"]
[Black "LO GATTO, Riccardo"]
[Result "1/2-1/2"]
[WhiteElo "2090"]
[BlackElo "2028"]
[PlyCount "25"]
[EventDate "2024.01.02"]

1. e4 c5 2. Nf3 d6 3. d4 cxd4 4. Nxd4 Nf6 5. Nc3 a6 6. Be3 e5 7. Nb3 Be6 8. f3
Be7 9. Qd2 O-O 10. O-O-O Nbd7 11. g4 b5 12. g5 b4 13. Ne2 1/2-1/2

[Event "53o Festival Citta' di Torino - Open A"]
[Site "Torino ITA"]
[Date "2024.01.07"]
[Round "9.1"]
[White "BARP, Alberto"]
[Black "BIFULCO, Michel"]
[Result "1/2-1/2"]
[WhiteElo "2437"]
[BlackElo "2251"]
[PlyCount "69"]
[EventDate "2024.01.02"]

1. c4 e5 2. Nf3 e4 3. Nd4 Nc6 4. e3 Nf6 5. Nc3 Bb4 6. Qb3 Bxc3 7. Qxc3 Nxd4 8.
Qxd4 d5 9. b3 O-O 10. Bb2 Be6 11. c5 Ne8 12. f4 f5 13. Be2 Qf6 14. O-O-O Qxd4
15. Bxd4 c6 16. h3 Nf6 17. Rhg1 Kf7 18. g4 g6 19. Rg3 Rg8 20. Rdg1 Rab8 21. Kb2
Rbc8 22. b4 Rb8 23. Kc3 b5 24. gxf5 gxf5 25. Rg5 h6 26. Rxg8 Rxg8 27. Rxg8 Nxg8
28. Bh8 Bd7 29. Bh5+ Ke6 30. Bg7 Nf6 31. Bg6 Be8 32. Bxe8 Nxe8 33. Bxh6 Nf6 34.
Bg7 Nh5 35. Be5 1/2-1/2

[Event "53o Festival Citta' di Torino - Open A"]
[Site "Torino ITA"]
[Date "2024.01.07"]
[Round "9.2"]
[White "Vela Frago, Alberto"]
[Black "GENOCCHIO, Daniele"]
[Result "1/2-1/2"]
[WhiteElo "2310"]
[BlackElo "2367"]
[PlyCount "25"]
[EventDate "2024.01.02"]

1. e4 c5 2. Nf3 Nc6 3. d4 cxd4 4. Nxd4 Qb6 5. Nb3 Nf6 6. Nc3 e6 7. Be3 Qc7 8.
a3 a6 9. f4 d6 10. Be2 Be7 11. O-O O-O 12. Qd2 b5 13. g4 1/2-1/2

[Event "53o Festival Citta' di Torino - Open A"]
[Site "Torino ITA"]
[Date "2024.01.07"]
[Round "9.3"]
[White "FAVALORO, Andrea"]
[Black "CAPPELLETTO, Joshuaede"]
[Result "1/2-1/2"]
[WhiteElo "2411"]
[BlackElo "2320"]
[PlyCount "35"]
[EventDate "2024.01.02"]

1. Nf3 d5 2. e3 Nf6 3. c4 e6 4. b3 g6 5. Bb2 Bg7 6. d4 O-O 7. Bd3 c5 8. dxc5
dxc4 9. Bxc4 Qxd1+ 10. Kxd1 Ne4 11. Bxg7 Kxg7 12. Ke2 Rd8 13. Rc1 Nxc5 14. Nbd2
Bd7 15. Rab1 a5 16. a3 b5 17. b4 axb4 18. axb4 1/2-1/2

[Event "53o Festival Citta' di Torino - Open A"]
[Site "Torino ITA"]
[Date "2024.01.07"]
[Round "9.4"]
[White "BETTALLI, Francesco"]
[Black "Defromont, Benjamin"]
[Result "0-1"]
[WhiteElo "2271"]
[BlackElo "2423"]
[PlyCount "74"]
[EventDate "2024.01.02"]

1. e4 e5 2. Nf3 Nc6 3. d4 exd4 4. Nxd4 Nf6 5. Nc3 Nxe4 6. Nxe4 Qe7 7. f3 d5 8.
Bb5 Bd7 9. O-O dxe4 10. Bxc6 bxc6 11. fxe4 c5 12. Nb3 Bc6 13. Be3 Qxe4 14. Qd2
Bd6 15. Bxc5 O-O-O 16. Qf2 Bxc5 17. Nxc5 Qg4 18. h3 Qg5 19. Nd3 Rd6 20. h4 Qh5
21. Rad1 Rf6 22. Nf4 Qg4 23. Rd4 Re8 24. Qd2 Qxh4 25. Rf2 Rh6 26. Nh3 Qe7 27.
Kh2 Bd7 28. Rdf4 g5 29. Rxf7 Qe5+ 30. Kg1 Bxh3 31. gxh3 Qg3+ 32. Rg2 Qxh3 33.
b3 Qh1+ 34. Kf2 Rd6 35. Qxg5 Qe1+ 36. Kf3 Qf1+ 37. Rf2 Qh3+ 0-1

[Event "53o Festival Citta' di Torino - Open A"]
[Site "Torino ITA"]
[Date "2024.01.07"]
[Round "9.5"]
[White "Lauda, Alexandr"]
[Black "PISCOPO, Pierluigi"]
[Result "1/2-1/2"]
[WhiteElo "2182"]
[BlackElo "2319"]
[PlyCount "22"]
[EventDate "2024.01.02"]

1. d4 d5 2. c4 e6 3. Nf3 Bb4+ 4. Bd2 a5 5. g3 Ne7 6. Bg2 dxc4 7. O-O Nbc6 8. e3
O-O 9. a4 Nd5 10. e4 Nb6 11. Be3 Bd7 1/2-1/2

[Event "53o Festival Citta' di Torino - Open A"]
[Site "Torino ITA"]
[Date "2024.01.07"]
[Round "9.6"]
[White "TRIPODI, Enzo"]
[Black "YAO, Stefano"]
[Result "1/2-1/2"]
[WhiteElo "2139"]
[BlackElo "2306"]
[PlyCount "30"]
[EventDate "2024.01.02"]

1. e4 e6 2. d4 d5 3. Nc3 Nf6 4. Bg5 dxe4 5. Nxe4 Nbd7 6. Nxf6+ Nxf6 7. Bd3 h6
8. Bf4 Bd6 9. Be5 O-O 10. Qf3 c5 11. Qg3 Nh5 12. Qg4 Nf6 13. Qg3 Nh5 14. Qg4
Nf6 15. Qg3 Nh5 1/2-1/2

[Event "53o Festival Citta' di Torino - Open A"]
[Site "Torino ITA"]
[Date "2024.01.07"]
[Round "9.7"]
[White "Lacan Rus, David"]
[Black "Pasini, Nicolo"]
[Result "1-0"]
[WhiteElo "2121"]
[BlackElo "2193"]
[PlyCount "115"]
[EventDate "2024.01.02"]

1. e4 c5 2. Nc3 Nc6 3. Nge2 g6 4. h4 h5 5. Ng3 Nf6 6. Bc4 e6 7. d3 d5 8. Bb3
Nd4 9. Bg5 Be7 10. Qd2 Nxb3 11. axb3 d4 12. Nce2 e5 13. f3 Bd7 14. Kf2 a5 15.
Nf1 b5 16. g3 a4 17. bxa4 Rxa4 18. Rxa4 bxa4 19. Qc1 Qb6 20. Nd2 Be6 21. Qa1
Qb4 22. c3 Qb5 23. c4 Qb4 24. Qa3 Nd7 25. Bxe7 Kxe7 26. Rd1 Rb8 27. Ke1 f5 28.
Ra1 Ra8 29. b3 Nb6 30. Qxb4 cxb4 31. bxa4 Rxa4 32. Rxa4 Nxa4 33. Nb3 Nc3 34.
Kd2 Bd7 35. Nc5 Bc6 36. Na6 Nxe2 37. Nxb4 Nxg3 38. Nxc6+ Kd6 39. Nd8 Nf1+ 40.
Ke2 Ne3 41. Kf2 Nd1+ 42. Ke2 Nc3+ 43. Kd2 Ke7 44. Nc6+ Kf6 45. f4 exf4 46. e5+
Kg7 47. Nxd4 Na4 48. Ne6+ Kf7 49. Nxf4 Nc5 50. d4 Ne4+ 51. Ke3 g5 52. hxg5 h4
53. g6+ Kg7 54. d5 Ng5 55. d6 h3 56. Nxh3 Nxh3 57. d7 f4+ 58. Kd2 1-0

[Event "53o Festival Citta' di Torino - Open A"]
[Site "Torino ITA"]
[Date "2024.01.07"]
[Round "9.8"]
[White "MADIAI, Federico"]
[Black "MALDONADO GONZALES, Stefano"]
[Result "0-1"]
[WhiteElo "2172"]
[BlackElo "2166"]
[PlyCount "86"]
[EventDate "2024.01.02"]

1. e4 e5 2. Nf3 Nc6 3. Bb5 a6 4. Ba4 Nf6 5. O-O d6 6. Re1 Bd7 7. c4 g6 8. Bxc6
Bxc6 9. d4 Bg7 10. Nc3 O-O 11. Bg5 h6 12. Bh4 Qe8 13. dxe5 dxe5 14. Nd5 Nxd5
15. exd5 Ba4 16. b3 Bd7 17. Nxe5 Bxe5 18. f4 Bxa1 19. Rxe8 Rfxe8 20. Qxa1 Re2
21. Qf6 Rae8 22. Bf2 Rxa2 23. h3 Bxh3 24. gxh3 Ree2 25. Qd8+ Kh7 26. Qxc7 Kg8
27. Qd8+ Kh7 28. Qb6 Rxf2 29. Qxf2 Rxf2 30. Kxf2 Kg7 31. c5 Kf8 32. Ke3 f6 33.
b4 Ke7 34. h4 Kd7 35. Kd4 Kc7 36. Ke4 b6 37. cxb6+ Kxb6 38. f5 g5 39. Kf3 gxh4
40. Kg4 Kc7 41. Kxh4 Kd6 42. Kh5 Kxd5 43. Kg6 Ke5 0-1

[Event "53o Festival Citta' di Torino - Open A"]
[Site "Torino ITA"]
[Date "2024.01.07"]
[Round "9.9"]
[White "BERGERO, Simone"]
[Black "MONTORSI, Matteo"]
[Result "1/2-1/2"]
[WhiteElo "2008"]
[BlackElo "2162"]
[PlyCount "44"]
[EventDate "2024.01.02"]

1. d4 Nf6 2. Bg5 Ne4 3. Bh4 d5 4. f3 Nf6 5. Nc3 c5 6. e4 cxd4 7. Qxd4 Nc6 8.
Bb5 dxe4 9. Bxc6+ bxc6 10. Qa4 Qb6 11. O-O-O e3 12. Bxf6 gxf6 13. Nd5 Qb7 14.
Nb4 Bd7 15. Na6 e5 16. Qa5 Rc8 17. Nc5 Bxc5 18. Qxc5 Be6 19. Qxe3 Qb6 20. Qh6
Ke7 21. Ne2 Rhg8 22. Nc3 Rg6 1/2-1/2

[Event "53o Festival Citta' di Torino - Open A"]
[Site "Torino ITA"]
[Date "2024.01.07"]
[Round "9.10"]
[White "CENTAMORE, Alberto"]
[Black "AGRESTA, Giulio"]
[Result "0-1"]
[WhiteElo "2127"]
[BlackElo "2029"]
[PlyCount "84"]
[EventDate "2024.01.02"]

1. d4 Nf6 2. c4 e6 3. Nf3 d5 4. g3 Be7 5. Bg2 O-O 6. O-O dxc4 7. Ne5 Nc6 8.
Nxc6 bxc6 9. Na3 Bxa3 10. bxa3 Ba6 11. Qd2 Rb8 12. Qa5 Qc8 13. Rd1 Rd8 14. e4
Rb6 15. Qc5 Qb7 16. Be3 Rb2 17. Qg5 Re8 18. d5 e5 19. Qf5 c3 20. Rac1 Be2 21.
Re1 Bg4 22. Qg5 c2 23. f3 Bd7 24. f4 h6 25. Qh4 Ng4 26. fxe5 Nxe3 27. Rxe3 cxd5
28. Qf4 Qb6 29. Kh1 d4 30. Rf3 Be6 31. Qd2 Rb8 32. Rff1 c5 33. Rxc2 Rxc2 34.
Qxc2 c4 35. Bf3 d3 36. Qd2 Qd4 37. Qf4 c3 38. Bh5 Qd7 39. Kg2 Rb2+ 40. Kf3 d2
41. Ke3 c2 42. Bxf7+ Bxf7 0-1

[Event "53o Festival Citta' di Torino - Open A"]
[Site "Torino ITA"]
[Date "2024.01.07"]
[Round "9.11"]
[White "VAIRO, Rocco Enrico"]
[Black "GALLO, Ivan"]
[Result "0-1"]
[WhiteElo "2060"]
[BlackElo "2004"]
[PlyCount "74"]
[EventDate "2024.01.02"]

1. e4 c6 2. d4 d5 3. exd5 cxd5 4. c4 Nf6 5. Nc3 g6 6. Qb3 Bg7 7. cxd5 O-O 8.
Be2 Nbd7 9. Bf3 Nb6 10. Nge2 Bg4 11. Bxg4 Nxg4 12. O-O Nf6 13. Nf4 Qd6 14. Re1
a6 15. a4 Rfd8 16. a5 Nbxd5 17. Nfxd5 Nxd5 18. Bg5 Bxd4 19. Rad1 Qc5 20. Ne4
Qxa5 21. Re2 Nf6 22. Nxf6+ exf6 23. Bh6 Qh5 24. Red2 Qxh6 25. Rxd4 Rxd4 26.
Rxd4 Re8 27. h4 Qc1+ 28. Kh2 Qc7+ 29. g3 Qc6 30. Qb4 Kg7 31. Rf4 b5 32. Qd2 Re5
33. Qb4 Rc5 34. Rd4 Rc2 35. Rf4 Rc1 36. Re4 Qd5 37. Re1 Rc2 0-1

[Event "53o Festival Citta' di Torino - Open A"]
[Site "Torino ITA"]
[Date "2024.01.07"]
[Round "9.13"]
[White "PACINI, Ermanno"]
[Black "GOLA, Giorgio"]
[Result "1/2-1/2"]
[WhiteElo "2122"]
[BlackElo "2090"]
[PlyCount "33"]
[EventDate "2024.01.02"]

1. Nf3 Nf6 2. c4 b6 3. g3 c5 4. Bg2 Bb7 5. d4 cxd4 6. O-O g6 7. b3 Bg7 8. Bb2
O-O 9. Qxd4 Nc6 10. Qd2 d5 11. cxd5 Nxd5 12. Bxg7 Kxg7 13. Qb2+ Nf6 14. Nbd2
Rc8 15. Ne4 Rc7 16. Nfg5 e5 17. Rac1 1/2-1/2